Scientific charge-coupled devices (Record no. 17666)

MARC details
000 -LEADER
fixed length control field 00609nam a2200193Ia 4500
003 - CONTROL NUMBER IDENTIFIER
control field IN-BaIIA
008 - FIXED-LENGTH DATA ELEMENTS--GENERAL INFORMATION
fixed length control field 211028s9999 xx 000 0 eng d
020 ## - INTERNATIONAL STANDARD BOOK NUMBER
International Standard Book Number 978-0-819-43698-6
040 ## - CATALOGING SOURCE
Transcribing agency IIA Library
080 ## - UNIVERSAL DECIMAL CLASSIFICATION NUMBER
Universal Decimal Classification number 621.317.31
Item number JAN
100 ## - MAIN ENTRY--PERSONAL NAME
Personal name Janesick, James R.
9 (RLIN) 24675
245 #0 - TITLE STATEMENT
Title Scientific charge-coupled devices
Statement of responsibility, etc. James R. Janesick
260 ## - PUBLICATION, DISTRIBUTION, ETC.
Place of publication, distribution, etc. Washington
Name of publisher, distributor, etc. The International Society for Optical Engineering
Date of publication, distribution, etc. 2001
300 ## - PHYSICAL DESCRIPTION
Extent xvi, 906p.
650 ## - SUBJECT ADDED ENTRY--TOPICAL TERM
Topical term or geographic name entry element Comet landscapes
9 (RLIN) 33466
650 ## - SUBJECT ADDED ENTRY--TOPICAL TERM
Topical term or geographic name entry element Comets
9 (RLIN) 755
650 ## - SUBJECT ADDED ENTRY--TOPICAL TERM
Topical term or geographic name entry element Halley comet
9 (RLIN) 33467
942 ## - ADDED ENTRY ELEMENTS (KOHA)
Koha item type Books
Holdings
Withdrawn status Lost status Damaged status Not for loan Home library Current library Shelving location Date acquired Cost, normal purchase price Total Checkouts Full call number Barcode Date last seen Cost, replacement price Price effective from Koha item type Purchase Price
        IIA Library-Bangalore IIA Library-Leh General Stacks 19/03/2010 5720.14   621.317.31/ JAN 18588 05/11/2021 5720.14 19/03/2010 Books Rs. 5720.14

Powered by Koha